|
|
|
|
| LEADER |
02762nam a2200649 a 4500 |
| 001 |
nkc20071760034 |
| 003 |
CZ PrNK |
| 005 |
20100914150128.0 |
| 007 |
ta |
| 008 |
071022s2007 xr ae f 100 0 cze |
| 015 |
|
|
|a cnb001760034
|
| 020 |
|
|
|a 978-80-7290-304-7
|q (brož.)
|
| 035 |
|
|
|a (OCoLC)228595826
|
| 040 |
|
|
|a BOA001
|b cze
|d ABA001
|
| 072 |
|
7 |
|a 316.4
|x Sociální procesy
|2 Konspekt
|9 18
|
| 080 |
|
|
|a 323.1:316.356.4
|2 MRF
|
| 080 |
|
|
|a 323.1:316.347
|2 MRF
|
| 080 |
|
|
|a 316.356.4
|2 MRF
|
| 080 |
|
|
|a 316.347
|2 MRF
|
| 080 |
|
|
|a 316.647.5
|2 MRF
|
| 080 |
|
|
|a (042.3)
|2 MRF
|
| 080 |
|
|
|a (062.552)
|2 MRF
|
| 245 |
0 |
0 |
|a Lidé a národy :
|b vztahy a soužití : XVIII. a IXX. [i.e. XIX.] letní škola historie : sborník přednášek /
|c [Jana Kohnová, editorka]
|
| 246 |
3 |
|
|a 18. a 19. letní škola historie
|
| 246 |
3 |
|
|a Lidé a národy - vztahy a soužití
|
| 246 |
3 |
|
|a Vztahy a soužití - lidé a národy
|
| 246 |
3 |
0 |
|a XVIII. a XIX. letní škola historie
|
| 246 |
3 |
0 |
|a Letní škola historie
|
| 260 |
|
|
|a Praha :
|b Univerzita Karlova v Praze, Pedagogická fakulta, Ústav profesního rozvoje pracovníků ve školství,
|c 2007
|
| 300 |
|
|
|a 98 s. :
|b il., plány ;
|c 21 cm
|
| 500 |
|
|
|a 18. a 19. letní škola pořádána Pedagogickou fakultou UK v Praze ve spolupráci s Národním ústavem odborného vzdělávání v r. 2005 a 2006
|
| 504 |
|
|
|a Obsahuje bibliografie a bibliografické odkazy
|
| 650 |
0 |
7 |
|a národy
|7 ph115507
|2 czenas
|
| 650 |
0 |
7 |
|a národ (kategorie)
|7 ph123422
|2 czenas
|
| 650 |
0 |
7 |
|a národnosti
|7 ph123423
|2 czenas
|
| 650 |
0 |
7 |
|a národní identita
|7 ph117245
|2 czenas
|
| 650 |
0 |
7 |
|a tolerance (postoj)
|7 ph126676
|2 czenas
|
| 650 |
0 |
9 |
|a nations
|2 eczenas
|
| 650 |
0 |
9 |
|a nation
|2 eczenas
|
| 650 |
0 |
9 |
|a nationalities
|2 eczenas
|
| 650 |
0 |
9 |
|a national identity
|2 eczenas
|
| 650 |
0 |
9 |
|a toleration (social sciences)
|2 eczenas
|
| 655 |
|
7 |
|a přednášky
|7 fd133199
|2 czenas
|
| 655 |
|
7 |
|a sborníky
|7 fd724344
|2 czenas
|
| 655 |
|
9 |
|a lectures
|2 eczenas
|
| 655 |
|
9 |
|a miscellanea
|2 eczenas
|
| 700 |
1 |
|
|a Kohnová, Jana,
|d 1942-
|7 ola2004253689
|4 edt
|
| 710 |
2 |
|
|a Univerzita Karlova.
|b Pedagogická fakulta (Praha, Česko)
|7 kn20010710353
|
| 710 |
2 |
|
|a Národní ústav odborného vzdělávání
|7 ko20010093938
|
| 711 |
2 |
|
|a Letní škola historie (seminář)
|n (18. :
|d 2005 :
|c Praha, Česko)
|7 mzk2008412410
|
| 711 |
2 |
|
|a Letní škola historie (seminář)
|n (19. :
|d 2006 :
|c Praha, Česko)
|7 mzk2008412411
|
| 910 |
2 |
|
|a BOA001
|b 2-1197.227
|
| 990 |
|
|
|a BK
|
| 995 |
|
|
|a 01
|
| 991 |
|
|
|b 200802
|c NOV
|
| 996 |
6 |
|
|b 2610329731
|c 2-1197.227
|l MZK
|r Sklad / do 1 hodiny
|n 3
|p p.v.
|w 000881001
|u 000010
|a 1
|e BOA001
|j MZK50
|s P
|
| 996 |
7 |
|
|b 2610445672
|c 2-1197.227
|l MZK
|r Sklad / do 1 hodiny
|n 4
|p dar
|w 000881001
|u 000020
|a 1
|e BOA001
|j MZK50
|s A
|